Guess The Football Club - Statistics

General Stats
  • This quiz has been taken 88 times
  • The average score is 14 of 17
Answer Stats
Hint Answer % Correct
Most recent Premier League winners Liverpool
100%
A Spanish team with the most UCL Titles ever Real Madrid
97%
Ronaldo played for this Italian Club Juventus
92%
Yellow and Black Dortmund
88%
Harry Kane never won a trophy here Spurs
88%
Diego Maradona played for this Argentinian club Boca Juniors
84%
Won the Champions League Final 5-0 PSG
81%
Where Ronaldo started his career Sporting Lisbon
81%
Jack Grealish rose to fame here Aston Villa
80%
The only Brazilian Club here Flamengo
78%
Where Luka Modric began his career Dinamo Zagreb
75%
The club Paulo Dybala plays for Roma
73%
Once considered to have the best defenders AC Milan
72%
A Spanish team that has never won a UCL Atletico Madrid
72%
This club has the most Europa League titles ever Sevilla
72%
Frank Lampard coaches this club Coventry City
69%
Where David de Gea plays Fiorentina
61%
No matching quizzes found
Score Distribution
Percent of People with Each Score
Percentile by Number Answered
Your Score History
You have not taken this quiz